Capitals AND Countries That Start With L - Statistics

General Stats
  • This quiz has been taken 12,958 times
  • The average score is 16 of 20
Answer Stats
Answer % Correct
Country Latvia
94%
Country Lithuania
94%
Country Luxembourg
91%
Capital Luxembourg
91%
Country Laos
89%
Country Liechtenstein
89%
Country Liberia
88%
Country Libya
88%
Country Lebanon
86%
Country Lesotho
83%
Capital London
83%
Capital Lima
79%
Capital Lisbon
79%
Capital Luanda
78%
Capital Lusaka
74%
Capital Lilongwe
70%
Capital Lomé
70%
Capital Ljubljana
68%
Capital La Paz
60%
Capital Libreville
57%
No matching quizzes found
Score Distribution
Percent of People with Each Score
Percentile by Number Answered
Your Score History
You have not taken this quiz